Entry Nombre personal
001 - NÚMERO DE CONTROL
- campo de control: 80843
003 - IDENTIFICADOR DE NÚMERO DE CONTROL
- campo de control: SpMaBN
005 - FECHA Y HORA DE LA ÚLTIMA TRANSACCIÓN
- campo de control: 20230713133949.0
008 - ELEMENTOS DE DATO DE LONGITUD-FIJA
- campo de control de longitud fija: 930725nn ainnnaabn n aac
016 ## - NÚMERO DE CONTROL DE UNA AGENCIA BIBLIOGRÁFICA NACIONAL
- Número de control del registro: BNE19996932729
040 ## - FUENTE DE CATALOGACIÓN
- Centro catalogador/agencia de origen: SpMaBN
- Lengua de catalogación: spa
- Centro/agencia transcriptor: A2
100 1# - ENCABEZAMIENTO-NOMBRE DE PERSONA
- Nombre de persona: Miaja Azcárate, José
373 ## - GRUPO ASOCIADO
- Grupo asociado: Ateneo de Madrid
- Fuente de información: Listado de socios anteriores a 1 de abril de 1939 (Archivo del Ateneo); Ateneo de Madrid: memoria 1962-1967
375 ## - GÉNERO/SEXO
- Género: Masculino
670 ## - FUENTE DE DATOS ENCONTRADOS
- Cita de la fuente: WWW BN España aut., 13/07/2023
- Información encontrada: (Miaja Azcárate, José)
678 ## - DATOS BIOGRÁFICOS O HISTÓRICOS
- Datos biográficos o históricos: Socio del Ateneo de Madrid n. 10355
- Ampliación de la nota: Fuentes: Listado de socios anteriores a 1 de abril de 1939 (Archivo del Ateneo); Ateneo de Madrid: memoria 1962-1967
